[Event "Challenge #02"]
[Site "http://www.queenalice.com/game.php?id=659067"]
[Date "2009.9.27"]
[Round "-"]
[White "apbarret"]
[Black "Aylton"]
[Result "1-0"]
[WhiteElo "2186"]
[BlackElo "1887"]

1. e4 c5 2. Nf3 Nc6 3. d4 cxd4 4. Nxd4 e5 5. Nb5 d6 6. c4 a6 7. N5c3 f5 8. exf5
Bxf5 9. Bd3 Bxd3 10. Qxd3 Nf6 11. O-O Be7 12. Be3 O-O 13. Nd5 Nxd5 14. Qxd5+ Kh8
15. Nc3 Nb4 16. Qxb7 Nc2 17. Rab1 Nxe3 18. fxe3 Rxf1+ 19. Rxf1 h6 20. b3 Kh7 21.
Rf7 Bf8 22. Nd5 Kg6 23. Nb6 Rb8 24. Qf3 Kh7 25. Nd7 1-0

[Event "Challenge"]
[Site "http://www.queenalice.com/game.php?id=659798"]
[Date "2009.9.28"]
[Round "-"]
[White "apbarret"]
[Black "Bergman"]
[Result "0-1"]
[WhiteElo "2199"]
[BlackElo "2899"]

1. e4 c5 2. Nf3 d6 3. d4 cxd4 4. Nxd4 Nf6 5. Nc3 a6 6. Bg5 e6 7. f4 Qb6 8. Qd2
Qxb2 9. Rb1 Qa3 10. f5 Nc6 11. fxe6 fxe6 12. Nxc6 bxc6 13. e5 dxe5 14. Bxf6 gxf6
15. Ne4 Be7 16. Be2 h5 17. Rb3 Qa4 18. Nxf6+ Bxf6 19. c4 Bh4+ 20. g3 Bf6 21. O-O
Be7 22. Qd3 Qxa2 23. Bxh5+ Rxh5 24. Qg6+ Kd7 25. Rd3+ Kc7 26. Qxh5 Kb6 27. Qxe5
a5 28. Rc1 Bc5+ 29. Kh1 Ra7 30. Qe1 e5 31. Rd2 Qa3 32. Rb1+ Ka6 33. Qe4 Rc7 34.
Rd3 Qa2 35. Rd8 Qf2 36. Qg2 a4 37. Qxf2 Bxf2 38. Kg2 Bd4 39. h4 Rb7 40. Rf1 Rb2+
41. Kf3 Bh3 42. Rxd4 Bg2+ 43. Kg4 Bxf1 44. Rd8 Ka7 45. Rd7+ Rb7 46. Rd2 Bxc4 47.
Rc2 Be6+ 48. Kf3 a3 0-1

[Event "Challenge #03"]
[Site "http://www.queenalice.com/game.php?id=672348"]
[Date "2009.10.25"]
[Round "-"]
[White "Aylton"]
[Black "apbarret"]
[Result "0-1"]
[WhiteElo "2045"]
[BlackElo "2378"]

1. d4 Nf6 2. Nf3 g6 3. e3 Bg7 4. c4 O-O 5. Nc3 d6 6. h3 Nbd7 7. Be2 e5 8. dxe5
dxe5 9. O-O c6 10. a3 Nc5 11. b4 Qxd1 12. Rxd1 Nb3 13. Rb1 Nxc1 14. Rbxc1 Re8
15. c5 Be6 16. Kf1 h6 17. Ke1 Rad8 18. Rxd8 Rxd8 19. Rd1 Rxd1+ 20. Kxd1 Nd5 21.
Nxd5 Bxd5 22. Kd2 Bf6 23. Ne1 Kf8 24. f3 Be6 25. e4 Bg5+ 26. Kc2 Be3 27. Nd3 Bd4
28. Nb2 Ke7 29. Nc4 h5 30. Na5 Bc8 31. Nc4 Bd7 32. Na5 b5 33. cxb6 axb6 34. Nb3
c5 35. Nxd4 exd4 36. bxc5 bxc5 37. Kb3 Be6+ 38. Bc4 h4 39. a4 d3 40. Bxe6 Kxe6
41. Kc3 c4 42. a5 Kd6 43. f4 Kc5 44. f5 gxf5 45. exf5 f6 0-1

[Event "Challenge #04"]
[Site "http://www.queenalice.com/game.php?id=672349"]
[Date "2009.10.25"]
[Round "-"]
[White "apbarret"]
[Black "Aylton"]
[Result "1-0"]
[WhiteElo "2328"]
[BlackElo "2046"]

1. e4 e5 2. Nf3 Nc6 3. Bb5 a6 4. Ba4 Nf6 5. O-O b5 6. Bb3 Be7 7. Re1 d6 8. c3
Be6 9. d4 exd4 10. cxd4 Bxb3 11. Qxb3 O-O 12. Bg5 h6 13. Bh4 g5 14. Qc3 Qd7 15.
d5 Nd8 16. Bg3 c5 17. Qc2 Nb7 18. Nc3 Kg7 19. e5 dxe5 20. Nxe5 Qc8 21. Nc4 Bd8
22. Ne3 b4 23. Nf5+ Kh8 24. Na4 Ng8 25. Nd6 Nxd6 26. Bxd6 1-0

[Event "OUR MATCH 4/GAMES"]
[Site "http://www.queenalice.com/game.php?id=673648"]
[Date "2009.10.28"]
[Round "-"]
[White "boydelta"]
[Black "apbarret"]
[Result "0-1"]
[WhiteElo "2254"]
[BlackElo "2365"]

1. d4 Nf6 2. Nf3 g6 3. c4 Bg7 4. Nc3 O-O 5. e4 d6 6. Be2 e5 7. O-O Nc6 8. Bg5 h6
9. Bh4 g5 10. Bg3 g4 11. Ne1 exd4 12. Nd5 Nxe4 13. Bxg4 Bxg4 14. Qxg4 Nd2 15.
Bh4 f6 16. Nd3 Nxf1 17. Rxf1 Ne5 18. Qxd4 Ng6 19. Qg4 Nxh4 20. Qxh4 f5 21. Qxd8
Raxd8 22. Nxc7 Rc8 23. Ne6 Rfe8 24. Nxg7 Kxg7 25. b3 Re2 26. a4 Rd2 27. Nf4 Rb2
28. Ne6+ Kf6 29. Nd4 d5 30. cxd5 Rd8 0-1

[Event "OUR MATCH 4/GAMES"]
[Site "http://www.queenalice.com/game.php?id=673649"]
[Date "2009.10.28"]
[Round "-"]
[White "boydelta"]
[Black "apbarret"]
[Result "0-1"]
[WhiteElo "2264"]
[BlackElo "2334"]

1. Nf3 Nf6 2. g3 g6 3. Bg2 Bg7 4. O-O O-O 5. d4 d6 6. c4 Nbd7 7. Nc3 e5 8. e4 c6
9. Re1 Re8 10. Bg5 h6 11. Bc1 Nh5 12. d5 cxd5 13. Nxd5 a5 14. b3 Nc5 15. Qc2 Nf6
16. Ba3 Nxd5 17. cxd5 b6 18. Rab1 Bd7 19. Bc1 Rc8 20. Qd2 f5 21. Nh4 fxe4 22.
Ba3 g5 23. Bxc5 Rxc5 0-1

[Event "OUR MATCH 4/GAMES"]
[Site "http://www.queenalice.com/game.php?id=673650"]
[Date "2009.10.28"]
[Round "-"]
[White "apbarret"]
[Black "boydelta"]
[Result "1-0"]
[WhiteElo "2351"]
[BlackElo "2255"]

1. e4 e6 2. d4 d5 3. Nc3 dxe4 4. Nxe4 Nd7 5. Nf3 Ngf6 6. Nxf6+ Nxf6 7. Bd3 Be7
8. O-O O-O 9. c3 c5 10. dxc5 Bxc5 11. Bg5 Be7 12. Qc2 h6 13. Bh4 Nd5 14. Bxe7
Qxe7 15. Rfe1 Qf6 16. Be4 Ne7 17. Rad1 a5 18. Rd6 Kh8 19. Qa4 Qf4 20. Qd4 Qf6
21. Ne5 Ng8 22. c4 a4 23. Rd1 Ra5 24. c5 g5 25. f4 g4 26. Bc2 Qg7 27. Rd8 Rxd8
28. Nxf7# 1-0

[Event "OUR MATCH 4/GAMES"]
[Site "http://www.queenalice.com/game.php?id=673652"]
[Date "2009.10.28"]
[Round "-"]
[White "apbarret"]
[Black "boydelta"]
[Result "1-0"]
[WhiteElo "2384"]
[BlackElo "2312"]

1. e4 e6 2. d4 d5 3. Nc3 dxe4 4. Nxe4 Nd7 5. Nf3 Be7 6. Bd3 Ngf6 7. O-O O-O 8.
Qe2 b6 9. Nxf6+ Nxf6 10. Bg5 Bb7 11. Rad1 h6 12. Bf4 Bd6 13. Ne5 Qe7 14. c4 Rad8
15. a3 c5 16. dxc5 Bxc5 17. Be3 Bxe3 18. Qxe3 Qc5 19. Qxc5 bxc5 20. b4 Rc8 21.
Rfe1 g5 22. Bc2 Kg7 23. Nd7 Rfd8 24. Nxc5 Rxd1 25. Rxd1 Bc6 26. f3 a5 27. h3 Be8
28. Kf2 Kf8 29. Bb3 Ke7 30. Nd3 axb4 31. axb4 Ra8 32. b5 Ra3 33. Nc5 Nd7 34.
Nxd7 Bxd7 35. Rd3 e5 36. b6 Bc6 37. c5 Ra5 38. Bd5 Rxc5 39. b7 Rc2+ 40. Kf1 Bxb7
41. Bxb7 f5 42. g4 Rc7 43. Rb3 fxg4 44. hxg4 Rc2 45. Be4 Rh2 46. Rb6 h5 47. Rg6
h4 48. Rxg5 Kd6 49. Kg1 Ra2 50. Rh5 1-0

[Event "Challenge"]
[Site "http://www.queenalice.com/game.php?id=676008"]
[Date "2009.11.1"]
[Round "-"]
[White "apbarret"]
[Black "rhsatrhs"]
[Result "1-0"]
[WhiteElo "2318"]
[BlackElo "2094"]

1. e4 c5 2. Nf3 d6 3. d4 cxd4 4. Nxd4 Nf6 5. Nc3 a6 6. Bg5 e6 7. f4 h6 8. Bxf6
Qxf6 9. Qd2 g5 10. f5 Nc6 11. Nxc6 bxc6 12. Bd3 exf5 13. exf5 Bxf5 14. O-O-O d5
15. Rhf1 d4 16. Bxf5 1-0

[Event "Challenge"]
[Site "http://www.queenalice.com/game.php?id=683989"]
[Date "2009.11.16"]
[Round "-"]
[White "Ebbe"]
[Black "apbarret"]
[Result "0-1"]
[WhiteElo "2035"]
[BlackElo "2381"]

1. e4 c5 2. Nf3 d6 3. b3 e6 4. g3 Nf6 5. Nc3 Be7 6. Bg2 O-O 7. O-O Nc6 8. d4 Qa5
9. Bb2 cxd4 10. Nxd4 Bd7 11. Re1 Rac8 12. Nf3 Ng4 13. Na4 Nce5 14. h3 Nxf3+ 15.
Bxf3 Ne5 16. c4 Qxe1+ 17. Qxe1 Nxf3+ 18. Kg2 Nxe1+ 19. Rxe1 Bxa4 20. e5 Bc6+ 21.
Kh2 dxe5 22. Bxe5 Rfd8 0-1

[Event "Challenge"]
[Site "http://www.queenalice.com/game.php?id=687373"]
[Date "2009.11.22"]
[Round "-"]
[White "brunofernandes"]
[Black "apbarret"]
[Result "1-0"]
[WhiteElo "2350"]
[BlackElo "2412"]

1. e4 c5 2. Nc3 d6 3. f4 e6 4. Nf3 Nc6 5. Bb5 Bd7 6. d3 a6 7. Bc4 b5 8. Bb3 Nf6
9. O-O Be7 10. h3 c4 11. dxc4 b4 12. Ne2 Qb6+ 13. Kh2 Nxe4 14. a3 bxa3 15. Rxa3
O-O 16. Re1 Rfc8 17. Ng3 Nxg3 18. Kxg3 Na5 19. Be3 Qc7 20. c5 Nxb3 21. cxd6 Qxc2
22. dxe7 1-0

[Event "Challenge"]
[Site "http://www.queenalice.com/game.php?id=698145"]
[Date "2009.12.15"]
[Round "-"]
[White "apbarret"]
[Black "m"]
[Result "1-0"]
[WhiteElo "2397"]
[BlackElo "1987"]

1. e4 c5 2. c3 d5 3. exd5 Qxd5 4. d4 cxd4 5. cxd4 Nc6 6. Be3 e5 7. Nc3 Bb4 8.
dxe5 Qxe5 9. Rc1 Nf6 10. Nf3 Qe7 11. Be2 Ne4 12. O-O Nxc3 13. bxc3 Bd6 14. Rc2
O-O 15. Rd2 Bc7 16. Qb1 Ne5 17. Re1 Qf6 18. Ng5 g6 19. Qb5 a6 20. Qc5 Nc6 21.
Qxf8+ Kxf8 22. Nxh7+ Kg7 23. Nxf6 Kxf6 24. Bf3 Be5 25. Bd4 Nxd4 26. cxd4 Bd6 27.
Rb2 Rb8 28. Rb6 1-0

[Event "AUTO-MASTER-915"]
[Site "http://www.queenalice.com/game.php?id=700361"]
[Date "2009.12.19"]
[Round "2"]
[White "apbarret"]
[Black "erivaldoadao"]
[Result "1-0"]
[WhiteElo "2399"]
[BlackElo "1845"]

1. e4 c5 2. Nc3 Nc6 3. g3 e5 4. Bg2 Nf6 5. Nf3 Bd6 6. O-O O-O 7. d3 a6 8. Bg5 h6
9. Bxf6 Qxf6 10. Nd5 Qd8 11. Nh4 Ne7 12. Qg4 Nxd5 13. exd5 Bc7 14. d6 Bxd6 15.
Be4 Be7 16. Qf5 g6 17. Nxg6 1-0

[Event "AUTO-MASTER-915"]
[Site "http://www.queenalice.com/game.php?id=700362"]
[Date "2009.12.19"]
[Round "2"]
[White "erivaldoadao"]
[Black "apbarret"]
[Result "0-1"]
[WhiteElo "1905"]
[BlackElo "2398"]

1. e4 e5 2. Nf3 Nc6 3. Bb5 Bc5 4. O-O Nge7 5. c3 Bb6 6. a4 a6 7. Bxc6 Nxc6 8. b4
d5 9. exd5 Qxd5 10. d3 Bf5 11. Bb2 Bxd3 12. Re1 f6 13. Nbd2 O-O 14. Nb3 Rad8 0-1

[Event "AUTO-MASTER-915"]
[Site "http://www.queenalice.com/game.php?id=700363"]
[Date "2009.12.19"]
[Round "2"]
[White "apbarret"]
[Black "Bf7"]
[Result "1-0"]
[WhiteElo "2406"]
[BlackElo "2302"]

1. e4 d5 2. exd5 Qxd5 3. Nc3 Qd6 4. Nf3 Nf6 5. Bc4 Bg4 6. d4 c6 7. Be3 e6 8. h3
Bh5 9. g4 Bg6 10. Ne5 Nbd7 11. Nxg6 hxg6 12. Bb3 a5 13. Qf3 a4 14. Bxa4 Rxa4 15.
Nxa4 Qb4+ 16. Nc3 Qxb2 17. Kd2 Bb4 18. Rab1 Qxc3+ 19. Kd1 Nd5 20. a4 N7f6 21.
Rb3 Nxe3+ 22. Qxe3 Qa1+ 23. Ke2 Qxh1 24. Rxb4 Rxh3 25. Qf4 g5 26. Qb8+ Ke7 27.
Rxb7+ Nd7 28. Kd2 Qf3 29. Rxd7+ Kf6 30. Kc1 Qa3+ 31. Kd1 Qa1+ 32. Ke2 Rh1 33.
Qe5+ Kg6 34. Kd3 1-0

[Event "AUTO-MASTER-915"]
[Site "http://www.queenalice.com/game.php?id=700364"]
[Date "2009.12.19"]
[Round "2"]
[White "Bf7"]
[Black "apbarret"]
[Result "0-1"]
[WhiteElo "2311"]
[BlackElo "2400"]

1. d4 c6 2. c4 d5 3. Nf3 Nf6 4. g3 Bg4 5. Bg2 e6 6. O-O Nbd7 7. Nbd2 Be7 8. b3
Qa5 9. a3 O-O 10. Bb2 dxc4 11. bxc4 Nb6 12. Ne5 Na4 13. Rb1 Rab8 14. Ba1 Qa6 15.
Nxg4 Nxg4 16. e4 Nh6 17. c5 Rbd8 18. Rb4 b5 19. Qc2 e5 20. Nb3 Nb6 21. cxb6 axb6
22. Qxc6 Bxb4 23. axb4 Rc8 24. Qd5 Qa2 25. Qxe5 Qxb3 26. Qxb5 Rc4 27. Qxb6 Rxb4
28. Qd6 Ra8 29. e5 Rab8 30. d5 Nf5 31. Qd7 Qd3 32. d6 Nd4 0-1

[Event "Challenge"]
[Site "http://www.queenalice.com/game.php?id=711610"]
[Date "2010.1.10"]
[Round "-"]
[White "castel1341"]
[Black "apbarret"]
[Result "0-1"]
[WhiteElo "2061"]
[BlackElo "2403"]

1. d4 Nf6 2. Nf3 e6 3. Bg5 c5 4. e3 Qb6 5. Qc1 Ne4 6. Bf4 d5 7. Be2 Nc6 8. c3 f6
9. O-O g5 10. Bg3 h5 11. h3 Nxg3 12. fxg3 Bd6 13. Qc2 Rh6 14. g4 hxg4 15. hxg4
e5 16. e4 cxd4 17. cxd4 Nxd4 18. Nxd4 Qxd4+ 19. Rf2 Bc5 20. Bb5+ Kf7 21. exd5
Bxg4 22. Bd3 Rah8 23. Bg6+ Kg7 24. Bh7 R6xh7 25. Qxh7+ Rxh7 0-1

[Event "Challenge"]
[Site "http://www.queenalice.com/game.php?id=715616"]
[Date "2010.1.17"]
[Round "-"]
[White "apbarret"]
[Black "caboclo"]
[Result "0-1"]
[WhiteElo "2391"]
[BlackElo "2151"]

1. e4 e5 2. Nf3 Nc6 3. Bb5 a6 4. Bxc6 dxc6 5. O-O f6 6. d4 Bg4 7. dxe5 Qxd1 8.
Rxd1 fxe5 9. Rd3 Bd6 10. Nbd2 Nf6 11. Nc4 O-O 12. Nfxe5 Be2 13. Re3 Bxc4 14.
Nxc4 Ng4 15. Re2 Bxh2+ 16. Kf1 Rae8 17. Nd2 Bg3 18. Nf3 Nxf2 19. Rxf2 Bxf2 20.
Kxf2 Rxe4 21. Bd2 h6 22. Re1 Rxe1 23. Kxe1 Re8+ 24. Kf2 g5 25. Bc3 Kf7 26. Ne5+
Ke6 27. Kg1 Rf8 28. Nd3 b6 29. Bg7 Rf7 30. Bxh6 Kf6 31. a4 a5 32. g3 c5 33. Kg2
Re7 34. Nf2 Kg6 0-1

[Event "Challenge"]
[Site "http://www.queenalice.com/game.php?id=742371"]
[Date "2010.3.7"]
[Round "-"]
[White "chessprm"]
[Black "apbarret"]
[Result "1-0"]
[WhiteElo "2347"]
[BlackElo "2372"]

1. d4 c5 2. c3 e6 3. Nf3 Nc6 4. e4 cxd4 5. cxd4 Nf6 6. d5 exd5 7. exd5 Nb4 8.
Nc3 Bc5 9. a3 Qe7+ 10. Be2 Na6 11. b4 Bd6 12. O-O O-O 13. Bxa6 bxa6 14. Re1 Qd8
15. Bg5 Bb7 16. Ne4 Be7 17. d6 Bxe4 18. dxe7 Qxe7 19. Bxf6 gxf6 20. Nd4 f5 21.
f3 1-0

[Event "Let's Play Chess!"]
[Site "http://www.queenalice.com/game.php?id=800544"]
[Date "2010.7.20"]
[Round "-"]
[White "apbarret"]
[Black "Kuarwaki"]
[Result "0-1"]
[WhiteElo "2359"]
[BlackElo "2510"]

1. e4 c5 2. Nf3 Nc6 3. d4 cxd4 4. Nxd4 Nf6 5. Nc3 d6 6. Bg5 e6 7. Qd2 Be7 8.
O-O-O a6 9. f4 Nxd4 10. Qxd4 b5 0-1

[Event "Challenge #01"]
[Site "http://www.queenalice.com/game.php?id=802320"]
[Date "2010.7.12"]
[Round "-"]
[White "Aylton"]
[Black "apbarret"]
[Result "1-0"]
[WhiteElo "2003"]
[BlackElo "2352"]

1. d4 d5 2. Nf3 Nc6 3. e3 Nf6 4. h3 g6 5. c4 Bg7 6. Nc3 O-O 7. Be2 dxc4 8. Bxc4
a6 9. a3 Bf5 10. O-O Qd6 11. Re1 b5 12. Ba2 e5 13. dxe5 Nxe5 14. Nxe5 1-0

[Event "Challenge #02"]
[Site "http://www.queenalice.com/game.php?id=802321"]
[Date "2010.7.12"]
[Round "-"]
[White "apbarret"]
[Black "Aylton"]
[Result "0-1"]
[WhiteElo "2330"]
[BlackElo "2044"]

1. e4 c5 2. Nf3 Nc6 3. d4 cxd4 4. Nxd4 e5 5. Nb5 d6 6. N1c3 a6 7. Na3 b5 8. Nd5
Nge7 9. c4 b4 10. Nc2 a5 11. Bg5 Be6 12. Be2 h6 13. Be3 Rb8 14. Qd3 f5 15. f4
fxe4 16. Qxe4 Bf5 0-1